|
|
|
|
| LEADER |
00000nab a2200000 a 4500 |
| 001 |
vtls008153699 |
| 003 |
SK-MaSNL |
| 005 |
20260303080458.0 |
| 008 |
160314c2005 xo wr|p|||||||000 b|slo |
| 015 |
|
|
|a SNBRB2005/05
|2 snkbucl
|
| 038 |
|
|
|a SNKBUCL
|
| 040 |
|
|
|a SNKBUCL
|b slo
|c SNKBUCL
|e AACR2
|
| 041 |
0 |
|
|a slo
|
| 044 |
|
|
|a xo
|c SK
|
| 080 |
|
|
|a 316.3/.6
|x (048)
|2 UDC-MRF-SK2
|
| 080 |
|
|
|a 111.84
|x (048)
|2 UDC-MRF-SK2
|
| 080 |
|
|
|a 32:1
|x (048)
|2 UDC-MRF-SK2
|
| 080 |
|
|
|a 82.09:821.133.1-4
|x (048)
|2 UDC-MRF-SK2
|
| 080 |
|
|
|a 821.133.1-4
|x (048)
|2 UDC-MRF-SK2
|
| 100 |
1 |
|
|a Donovalová, Zuzana
|4 aut
|9 1082412
|
| 245 |
1 |
0 |
|a História vzbury
|c Zuzana Donovalová
|
| 300 |
|
|
|b Fotogr.
|
| 650 |
0 |
7 |
|a človek a spoločnosť
|x filozofické aspekty
|2 snkbucl
|9 319126
|
| 650 |
0 |
7 |
|a zlo
|x filozofické aspekty
|x eseje
|2 snkbucl
|9 1078890
|
| 650 |
0 |
7 |
|a filozofické eseje, francúzske
|x recenzie
|2 snkbucl
|9 1078891
|
| 773 |
0 |
|
|t Slovo. Spoločensko-politický týždenník
|g Roč. VII, č. 17 (2005), s. 14
|x 1335-468X
|
| 787 |
0 |
8 |
|i Rec.:
|a Camus, Albert, 1913-1960
|t Vzbúrený človek
|d Bratislava : Slovenský spisovateľ, 2004
|z 8022012750
|
| 852 |
|
|
|a SNK
|b KIS3GCP
|
| 958 |
|
|
|a LX
|
| 958 |
|
|
|a FR
|
| 958 |
|
|
|a RC
|
| 999 |
|
|
|c 1780588
|d 1782518
|